000 01311nam a2200385Ia 4500
001 dia_3473
003 CHAP
005 20230411111825.0
008 220117s1980 xx 000 0 und d
010 _a173936
020 _a84-200-0454-5
040 _cCHAP
082 _a634.1166 F53 1980
100 _aFidler, John Carter
_9154730
245 _aRefrigeración de manzanas y peras : guía práctica /
_c John Carter Fidler y Geoffrey Mann ; traducción Benedicto Sanz Sanz
260 _aZaragoza, España :
_b Acribia,
_c1980
300 _a85 p.
500 _aTítulo original: Refrigerated storage of apples and pears--a practical guide
503 _aC/e
590 _aSB363.4 F53 1980
650 _aAlimentos refrigerados
_9147774
650 _aApples
_xStorage
_9154731
650 _aChilled foods
_9147775
650 0 _aFood preservation
_9147769
650 _aManzanas
_xAlmacenamiento
_9154732
650 _aPears
_xStorage
_9154733
650 _aPera
_xAlmacenamiento
_986960
650 _aPreservación de alimentos
_9144378
700 _aMann, Geoffrey, coaut.
_9154734
700 _aSanz Sanz, Benedicto, tr.
_9154735
901 _a634.1166 F53 1980
902 _aM
905 _a5232271980 SP admn8222223322SPA16
942 _cLIBRO
_2ddc
999 _c173936
_d173936